000
00242nam a22001097a 4500
082
_a
799.213 SHO'C
100
_a
COLLIER
_9
75589
245
_a
SHOTGUNS AND SHOTGUN SHOOTING
260
_a
LONDON
_b
COLLIER
_c
1950
300
_a
126P
942
_c
BK
999
_c
584882
_d
584882